| 000 | 00399nam a22001457a 4500 | ||
|---|---|---|---|
| 008 | 210219b ||||| |||| 00| 0 eng d | ||
| 082 |
_a294.5563 _bSAD |
||
| 100 | _aSaraswati, Swami Dayanand | ||
| 245 |
_aDayananad Vedbhashay : _bBhavarth Prakash |
||
| 260 |
_aDelhi _bSwami Dikshyand Saraswati Samarpan Sodh Sansthan _c2005 |
||
| 300 | _a1072p. | ||
| 650 | _aYOGA | ||
| 942 | _cBK | ||
| 999 |
_c40905 _d40905 |
||
| 041 | _ahin | ||